000 00547nam a2200193Ia 4500
005 20260429111839.0
008 260429s9999||||xx |||||||||||||| ||und||
020 _a9789395345439
041 _aEnglish
082 _a632.3
_bAKS
100 _aAkshaya, S. B
245 0 _aBiological control in plant pathology harnessing natural enemies /
_cS. B Akshaya
250 _a1st ed.
260 _aNew Delhi :
_bEmerald Publishing House,
_c2025.
300 _aix, 217 p.; hb
650 _a Plant diseases
650 _aPlant pathology
942 _cTB
999 _c51137
_d51137